|
|
|
|
| LEADER |
01770cas a2200241 a 4500 |
| 001 |
AALejournalIMF015207 |
| 008 |
230101c9999 xx r poo 0 0eng d |
| 020 |
|
|
|c 5.00 USD
|
| 020 |
|
|
|z 9781484363492
|
| 022 |
|
|
|a 1934-7685
|
| 040 |
|
|
|a BD-DhAAL
|c BD-DhAAL
|
| 110 |
2 |
|
|a International Monetary Fund.
|b Middle East and Central Asia Dept.
|
| 245 |
1 |
0 |
|a Kyrgyz Republic :
|b Request for a Three-Year Arrangement Under the Extended Credit Facility.
|
| 264 |
|
1 |
|a Washington, D.C. :
|b International Monetary Fund,
|c 2015.
|
| 300 |
|
|
|a 1 online resource (119 pages)
|
| 490 |
1 |
|
|a IMF Staff Country Reports
|
| 500 |
|
|
|a <strong>Off-Campus Access:</strong> No User ID or Password Required
|
| 500 |
|
|
|a <strong>On-Campus Access:</strong> No User ID or Password Required
|
| 506 |
|
|
|a Electronic access restricted to authorized BRAC University faculty, staff and students
|
| 520 |
3 |
|
|a This paper discusses the Kyrgyz Republic's Request for a Three-year Arrangement Under the Extended Credit Facility (ECF). Performance under the previous ECF arrangement, which expired last July, was good. Macroeconomic stability was restored, fiscal consolidation was stronger than planned, monetary policy was enhanced through a new interest rate-based framework, and supervision was strengthened in the financial sector. Although performance under the last ECF arrangement was good, new challenges have emerged, and some key reforms have yet to be implemented. The IMF staff supports the authorities' request for a three-year arrangement under the ECF.
|
| 538 |
|
|
|a Mode of access: Internet
|
| 830 |
|
0 |
|a IMF Staff Country Reports; Country Report ;
|v No. 2015/113
|
| 856 |
4 |
0 |
|z Full text available on IMF
|u http://elibrary.imf.org/view/journals/002/2015/113/002.2015.issue-113-en.xml
|z IMF e-Library
|